000 00610nam a2200217Ia 4500
003 GCL
008 140319s9999 xx 000 0 eng d
020 _a1857152344
040 _aGCL /
_cGCL
082 0 4 _a938.03
_bH H
100 1 _aHERODOTUS
245 1 0 _aTHE HISTORIES /
_cHERODOTUS
700 1 _aRAWLINSON, GEORGE
700 1 _aTHOMAS, ROSALIND
260 _aانجلترا :
_bEVERYMAN'S LIBRARY ،
_c1997
300 _a21 CM ؛
_cXLIII, 772 P
490 _aTHE MILLENNIUM LIBRARY
_v234
650 0 4 _aGREECE - HISTORY
650 0 4 _aGREECE - HISTORY - PERSIAN WARS, 500 - 449 B.C
942 _2ddc
_cBK
999 _c5820
_d5820